Digitalizace HR již nelze odvrátit

Digitalizácia je aktuálny trend vo väčšine podnikateľských sektorov. Pre samotné elektronické podpisovanie zmlúv väčšinou postačí vybrať si webovú platformu, ktorých je na trhu dnes veľké množstvo. Od lokálneho iSmlouva až po celosvetovo používaný DocuSign. Nemilým prekvapením pre mnoho organizácií...

Descripción completa

Guardado en:
Detalles Bibliográficos
Autor principal: Sochorová, Petra
Otros Autores: Kovář, Dalibor
Formato: Capítulo de libro
Lenguaje:checo
Materias:
Etiquetas: Agregar Etiqueta
Sin Etiquetas, Sea el primero en etiquetar este registro!

MARC

LEADER 00000naa a2200000 4500
001 0269279
005 20201016142652.8
041 0 |a cze 
044 |a CZ 
245 1 0 |a Digitalizace HR již nelze odvrátit  |c Petra Sochorová, Dalibor Kovář 
500 |a Právo 
520 |a Digitalizácia je aktuálny trend vo väčšine podnikateľských sektorov. Pre samotné elektronické podpisovanie zmlúv väčšinou postačí vybrať si webovú platformu, ktorých je na trhu dnes veľké množstvo. Od lokálneho iSmlouva až po celosvetovo používaný DocuSign. Nemilým prekvapením pre mnoho organizácií je zistenie, že navonok vo svojich kľúčových aktivitách môžu byť digitálne, ale pre vnútornú agendu ľudských zdrojov sa im paperless riešenie nepodarí uskutočniť. 
610 2 0 |a firmy 
610 2 0 |a zdroje ľudské 
610 2 0 |a digitalizácia 
610 2 0 |a podpis elektronický 
100 1 |a Sochorová, Petra 
700 1 |a Kovář, Dalibor